Ergänze die Weltkarte mit den Länderflaggen - Statistiken

Allgemein
  • Dieses Quiz wurde 25.168 mal gespielt
  • Das Durchschnittsergebnis liegt bei 99 aus 196
Antworten auf der Karte
Die Antworten werden auf der Karte rot bzw. grün angezeigt, abhängig davon wie oft sie richtig erraten wurden.
 
Antwortstatistiken
Flagge Länder % Korrekt
Kanada
100%
Albanien
88%
Spanien
88%
Zypern
85%
Argentinien
82%
Indien
81%
China
80%
Kroatien
80%
Portugal
80%
Saudi-Arabien
80%
Schweiz
80%
Türkei
80%
Brasilien
79%
Israel
79%
Japan
79%
Libanon
79%
Südkorea
79%
Vereinigte Staaten
79%
Kosovo
78%
Mexiko
77%
Norwegen
77%
Schweden
77%
Vatikanstadt
77%
Belgien
76%
Deutschland
76%
Finnland
76%
Griechenland
76%
Polen
76%
Slowakei
76%
Vereinigtes Königreich
76%
Dänemark
75%
Frankreich
75%
Ägypten
74%
Australien
74%
Italien
73%
Österreich
73%
Russland
73%
Serbien
73%
Irland
72%
Island
72%
Tschechien
72%
Ukraine
72%
San Marino
71%
Südafrika
71%
Neuseeland
70%
Niederlande
70%
Bosnien und Herzegowina
69%
Jamaika
69%
Nordmazedonien
69%
Estland
68%
Georgien
67%
Nordkorea
67%
Irak
66%
Iran
66%
Marokko
65%
Rumänien
65%
Uruguay
65%
Vietnam
65%
Kenia
64%
Lettland
63%
Nepal
63%
Slowenien
63%
Bhutan
62%
Luxemburg
62%
Tunesien
62%
Bulgarien
61%
Katar
61%
Chile
60%
Malta
60%
Belarus
59%
Pakistan
59%
Thailand
59%
Ungarn
59%
Algerien
58%
Indonesien
58%
Kasachstan
58%
Nigeria
58%
Syrien
58%
Venezuela
58%
Kambodscha
57%
Kolumbien
57%
Monaco
57%
Montenegro
56%
Andorra
55%
Elfenbeinküste
55%
Liechtenstein
55%
Panama
55%
Sri Lanka
55%
Angola
54%
Ecuador
54%
Litauen
54%
Moldawien
54%
Bangladesch
53%
Barbados
53%
Malaysia
52%
Ghana
51%
Peru
51%
Kuba
50%
Uganda
50%
Dominikanische Republik
49%
Singapur
48%
Afghanistan
47%
Aserbaidschan
47%
Honduras
47%
Kamerun
47%
Senegal
47%
Armenien
46%
Philippinen
46%
Bahrain
44%
Costa Rica
44%
Paraguay
44%
Somalia
44%
Taiwan
43%
Äthiopien
42%
Fidschi
42%
Mongolei
42%
Seychellen
42%
Kirgisistan
41%
Laos
41%
El Salvador
39%
Nicaragua
39%
Niger
39%
Papua-Neuguinea
39%
Brunei
38%
Eswatini
38%
Guatemala
38%
Haiti
38%
Demokratische Republik Kongo
37%
Turkmenistan
37%
Liberia
36%
Usbekistan
36%
Vereinigte Arabische Emirate
36%
Bolivien
35%
Burkina Faso
35%
Jemen
35%
St. Lucia
35%
Myanmar
34%
Tadschikistan
34%
Trinidad und Tobago
34%
Botswana
33%
Lesotho
33%
Madagaskar
33%
Tschad
33%
Belize
32%
Jordanien
32%
Libyen
32%
Malediven
32%
Palau
32%
Tansania
32%
Eritrea
31%
Kap Verde
31%
Kiribati
31%
Kuwait
31%
Mauretanien
31%
Bahamas
30%
Föderierte Staaten von Mikronesien
30%
Mosambik
30%
Burundi
29%
Dominica
29%
Gabun
29%
Mali
29%
Oman
29%
Togo
29%
Tonga
29%
Zentralafrikanische Republik
29%
Antigua und Barbuda
28%
Benin
28%
St. Vincent und die Grenadinen
28%
Sudan
28%
Suriname
28%
Sambia
27%
Marshallinseln
26%
Osttimor
26%
Tuvalu
26%
Äquatorial-Guinea
25%
Malawi
25%
Namibia
25%
Nauru
25%
Südsudan
25%
Grenada
23%
Guyana
23%
Mauritius
23%
Samoa
23%
São Tomé und Príncipe
23%
Sierra Leone
23%
Simbabwe
23%
Dschibuti
22%
Komoren
22%
Republik Kongo
22%
Gambia
21%
Guinea
21%
Vanuatu
21%
Guinea-Bissau
20%
Ruanda
20%
St. Kitts und Nevis
19%
Salomonen
17%
Keine übereinstimmenden Quizze gefunden
Verteilung der Resultate
Anzahl Personen mit jedem Resultat
Perzentil nach korrekt beantworteten Fragen
Ihre Resultats-Entwicklung
Sie haben dieses Quiz noch nicht gespielt